LEADER 00875nam0 2200253 450 001 000015625 005 20080828130948.0 100 $a20080828d1981----km-y0itay50------ba 101 0 $aita 102 $aIT 105 $aa-------101yy 200 1 $a<>Politecnico di Milano$euna scuola nella formazione della societa industriale, 1863-1914 210 $aMilano$cElecta$dc1981 215 $a251 p.$cill.$d24 cm 300 $aCatalogo della mostra tenuta a Milano nel 1981 610 1 $aEsposizioni$aMilano$a1981 610 1 $aMilano$aPolitecnico$a1863-1914$aEsposizioni$a1981 676 $a378$v18$9Istruzione superiore. Università 676 $a378.45211$v19$9Università di Milano. 801 0$aIT$bUNIPARTHENOPE$c20080828$gRICA$2UNIMARC 912 $a000015625 951 $a378.155/102$b23885$cNAVA1$d2008 996 $aPolitecnico di Milano$9237969 997 $aUNIPARTHENOPE LEADER 01033nam0 2200277 450 001 000023528 005 20090225111142.0 100 $a20090225d1966----km-y0itay50------ba 101 0 $aita 102 $aIT 105 $ay-------001yy 200 1 $aModello di sviluppo di un settore in rapida crescita$el'industria della ceramica per l'edilizia$fRomano Prodi 210 $aMilano$cF. Angeli$d1966 215 $a134 p.$d22 cm 225 2 $aCollana di economia. Ricerche di economia applicata$v1 410 0$12001$aCollana di economia. Ricerche di economia applicata 500 10$aModello di sviluppo di un settore in rapida crescita$944706 610 1 $aCeramiche$aIndustria$aItalia$a1950-1965 610 1 $aIndustria edilizia$aItalia$a1950-1965 676 $a738$v16$9Ceramiche 700 1$aProdi,$bRomano$083983 801 0$aIT$bUNIPARTHENOPE$c20090225$gRICA$2UNIMARC 912 $a000023528 951 $a111/103$b3319$cNAVA2$d2009 996 $aModello di sviluppo di un settore in rapida crescita$944706 997 $aUNIPARTHENOPE